000 00909nam a22002777a 4500
003 DO-SdBNP
005 20210511115430.0
008 210308b 2017 dr 00| 0 spa d
020 _a9789945503159
040 _aBPMSU
_bSpa
_cBPMSU
082 _aRD861.44
_bM843p 2017
_222
100 1 _aMoreno Jimenes
_d1894,-1986
110 _a
245 1 0 _aPalabras sin tiempo :
_b[selección poética] /
_cDomingo Moreno Jimenes ; selección y prólogo de Manuel Mora Serrano
260 _aSanto Domingo :
_bEditora Nacional,
_c2017
300 _a xxviii, 166 p ;
_c21 cm.
490 0 _aBiblioteca dominicana básica;
_aPoesía
500 _aIncluye datos biográficos del autor en la solapa de la cubierta
590 _6Inventariado, 2021/VM
650 4 _aPoesía dominicana
650 4 _aLiteratura dominicana
700 1 _aMora Serrano, Manuel
_epról.
830 _aPoesía
910 _aVMateo
942 _2ddc
_cBK
999 _c13477
_d13477